LEADER 01208nam a2200265 4500 001 000000352411 003 CaOOAMICUS 005 20221201103425.0 008 221201s2022 it 000 u ita r 020 $a978-88-399-3446-8 040 $aSeMil$bita 100 1 $aSequeri, Pierangelo,$d<1944- >.$0(OLS)http://semarc/name/7586 245 10$aIscrizione e rivelazione :$bil canone testuale della parola di Dio /$cPierangelo Sequeri ; a cura di Francesca Peruzzotti. 264 1$aBrescia :$bQueriniana,$c2022. 300 $a303 p. ;$c20 cm 490 1 $aGiornale di teologia ;$v446 650 04$aBibbia.$0(OLS)http://semarc/subject/3206 700 1 $aPeruzzotti, Francesca,$d<1984- >.$0(OLS)http://semarc/name/39702 830 0$aGiornale di teologia ;$v446.$0(OLS)http://semarc/title/419620 850 $aSeMil 852 $aSeMil$W1$xVenegono$y1$m2XA G 446$j235673$B243591$CSeMilBibl$Z2$F243591 $81 996 $6020$a978-88-399-3446-8$9(OLS)http://semarc/number/297262 996 $6245$aIscrizione e rivelazione :$bil canone testuale della parola di Dio$9(OLS)http://semarc/title/442214 996 $6264$aBrescia :$bQueriniana$9(OLS)http://semarc/publisher/29615 LEADER 00965nam a2200241 i 4500 001 000000068932 003 CaOOAMICUS 005 20100813000000.0 008 100813s1975 it u000 u ita u 013 $a40104 040 $aSeMil$bita 100 1 $aTimpanaro, Sebastiano <1923-2000>.$0(OLS)http://semarc/name/90131 245 13$aIl lapsus freudiano :$bpsicanalisi e critica testuale /$cSebastiano Timpanaro. 250 $aRist. 260 $aFirenze :$bLa Nuova Italia,$c1975. 300 $aVIII, 216 p. ;$c21 cm. 490 0 $aDimensioni ;$v34 650 4$aPsicanalisi.$0(OLS)http://semarc/subject/1341 830 0$aDimensioni ;$v34.$0(OLS)http://semarc/title/13914 850 $aSeMil 852 $aSeMil$W1$xVenegono$y1$m2O IV 237$j35085$B35085$CSeMilBibl$Z2$F35088 $81 996 $6245$aIl lapsus freudiano :$bpsicanalisi e critica testuale$9(OLS)http://semarc/title/110260 996 $6260$aFirenze :$bLa Nuova Italia$9(OLS)http://semarc/publisher/30055